LEADER 01374nam a2200337 a 4500 001 000000134769 003 CaOOAMICUS 005 20130702150117.0 008 130702s1998 it u000 u ita r 020 $a88-06-14770-6 040 $aPUL$bita 041 1 $aita$heng 082 04$a270.6 100 1 $aBossy, John.$0(OLS)http://pul/name/86834 245 10$aDalla comunità all'individuo :$bper una storia sociale dei sacramenti nell'Europa moderna /$cJohn Bossy. 260 $aTorino :$bEinaudi,$c©1998. 300 $aXVII, 198 p. ;$c21 cm 490 1 $aBiblioteca Einaudi ;$v28 500 $aInclude indice. 504 $aBibliografia in nota. 650 4$aControriforma.$0(OLS)http://pul/subject/3420 650 4$aSacramenti$xStoria.$0(OLS)http://pul/subject/1697 830 0$aBiblioteca Einaudi ;$v28.$0(OLS)http://pul/title/60318 850 $aPUL 852 $aPUL$W1$xSL Religione 3$y85$m270. 6 BOSJO 1$j155005$qDDC 21$B154558$CPULBib$Z2$F154558 $H122638 $82 941 1 $a9 996 $6020$a88-06-14770-6$9(OLS)http://pul/number/153209 996 $6082$a270.6$9(OLS)http://pul/classification/130 996 $6245$aDalla comunità all'individuo :$bper una storia sociale dei sacramenti nell'Europa moderna$9(OLS)http://pul/title/170426 996 $6260$aTorino :$bEinaudi$9(OLS)http://pul/publisher/48130 LEADER 01375nam a2200301 a 4500 001 000000142396 003 CaOOAMICUS 005 20150318143317.0 008 150318s1969 it u000 u ita r 040 $aPUL$bita 041 1 $aita$hfre 100 1 $aBloch, Marc Léopold Benjamin,$d1886-1944.$0(OLS)http://pul/name/39982 240 10$aApologie pour l'histoire ou métier d'historien.$lItaliano.$0(OLS)http://pul/title/157205 245 10$aApologia della storia o mestiere di storico /$cMarc Bloch ; con uno scritto di Lucien Febvre ; a cura di Girolamo Arnaldi. 260 $aTorino :$bEinaudi,$c©1969. 300 $aXXXVII, 166 p. ;$c18 cm 490 1 $aPiccola biblioteca Einaudi ;$v117 650 4$aStoriografia.$0(OLS)http://pul/subject/2514 700 1 $aArnaldi, Girolamo.$0(OLS)http://pul/name/2239 700 1 $aFebvre, Lucien Paul Victor,$d1878-1956.$0(OLS)http://pul/name/43458 830 0$aPiccola biblioteca Einaudi ;$v117.$0(OLS)http://pul/title/8551 850 $aPUL 852 $aPUL$W1$xDP1 Fondo Capitani$y116$m10 E 5.117$j164288$qFondi$B164452$CPULBib$Z2$F164452 $HCap1584 $82 941 1 $a1 961 $aNota ms. di possesso: Capitani. 996 $6245$aApologia della storia o mestiere di storico$9(OLS)http://pul/title/157204 996 $6260$aTorino :$bEinaudi$9(OLS)http://pul/publisher/48130